000 nam a22 7a 4500
999 _c10074
_d10074
008 180212b ||||| |||| 00| 0 eng d
100 _aKumar,R.
_96097
245 _aPrevention & Treatement of S.J.
260 _aNew Delhi
_bSports
_c2012